Nombres divisibles par 4 - Mort subite - Statistiques

Statistiques générales
  • Ce quiz a été pris 174 fois
  • Le résultat moyen est 8 sur 20
Answers on the Grid
Answers color-coded by a green-red scale on the quiz's grid according to % correct below.
48
4
8
12
16
100
104
108
112
200
176
172
168
160
60
64
68
32
28
184
3
6
10
14
18
22
46
50
54
70
74
78
82
94
98
66
1
2
99
101
 
Statistiques - réponses
Réponse % Correct
4
59%
8
50%
16
46%
200
46%
100
45%
12
45%
32
43%
64
43%
48
41%
28
40%
60
40%
104
38%
160
34%
108
30%
112
27%
184
26%
68
26%
168
25%
176
25%
172
24%
Aucun quiz correspondant
Distribution des résultats
% des personnes avec chaque résultat
Percentile par nombre de réponses
Votre historique - résultats
Vous n’avez pas pris ce quiz